000 00665nam a2200253Ia 4500
003 OSt
005 20220918195941.0
006 a|||||r|||| 00| 0
007 ta
008 220917b |||||||| |||| 00| 0 eng d
024 _a86,834
037 _cTextual
040 _aARTS
_cARTS
_beng
041 _2eng
_aeng
082 _aT2:3:V, J2
110 _aGeact Britian education. Ministry Of
_992060
245 0 _aTeaching history
260 _c1952
490 _aGreat Britian education; Ministry of
650 _aEDUCATION
700 _aGeact Britian education. Ministry Of
_992061
942 _hT2:3:V, J2
_cTEXL
_2CC
999 _c210531
_d210531